[Event "Stuttgart-chB op"]
[Site "Ditzingen"]
[Date "2015.05.15"]
[Round "3"]
[White "Meusel, Rolf"]
[Black "Juettner, Mark"]
[Result "1-0"]
[WhiteElo "1884"]
[BlackElo "1472"]
[PlyCount "77"]
[EventDate "2015.05.17"]
[EventType "swiss"]
[EventRounds "7"]
[EventCountry "GER"]
[SourceTitle "EXT 2018"]
[Source "ChessBase"]
[SourceDate "2017.10.13"]
[SourceVersion "1"]
[SourceVersionDate "2017.10.13"]
[SourceQuality "1"]

1. e4 c5 2. Nf3 d6 3. d4 cxd4 4. Nxd4 g6 5. Be2 Bg7 6. c3 Nf6 7. Bf3 0-0 8. 0-0 Nbd7 9. g3 Ne5 10. Bg2 b6 11. f4 Ba6 12. fxe5 dxe5 13. Nb3 Bxf1 14. Qxd8 Raxd8 15. Kxf1 Rd1+ 16. Ke2 Rd6 17. Bg5 Rfd8 18. N1d2 Rc8 19. Bh3 e6 20. Rf1 Nd7 21. Nf3 h6 22. Be7 Rdc6 23. Rd1 R6c7 24. Bd6 Rc6 25. Bf1 Rc4 26. Ke3 Ra4 27. Bb5 Rxa2 28. Bxd7 Rd8 29. Ba3 h5 30. h4 Bh6+ 31. Ke2 Kg7 32. Nxe5 f6 33. Nc6 Rg8 34. Bxe6 Re8 35. Nbd4 Kh7 36. Bxa2 Rxe4+ 37. Kf2 Be3+ 38. Kf3 f5 39. Bd5 1-0

[Event "Stuttgart-chB op"]
[Site "Ditzingen"]
[Date "2015.05.14"]
[Round "1"]
[White "Hartmann, Christian1111"]
[Black "Juettner, Mark"]
[Result "1-0"]
[WhiteElo "1744"]
[BlackElo "1472"]
[PlyCount "125"]
[EventDate "2015.05.17"]
[EventType "swiss"]
[EventRounds "7"]
[EventCountry "GER"]
[SourceTitle "EXT 2018"]
[Source "ChessBase"]
[SourceDate "2017.10.13"]
[SourceVersion "1"]
[SourceVersionDate "2017.10.13"]
[SourceQuality "1"]

1. e4 c5 2. Nf3 d6 3. d4 cxd4 4. Nxd4 g6 5. Nc3 Bg7 6. Be3 e5 7. Ndb5 Bf8 8. Nxa7 Bd7 9. Bb5 Qa5 10. Bxd7+ Nxd7 11. Nab5 Rc8 12. 0-0 Ngf6 13. Nxd6+ Bxd6 14. Qxd6 Rc6 15. Qd3 0-0 16. f3 Qb4 17. Rab1 Rd6 18. Qe2 Nb8 19. a3 Qa5 20. Qf2 Rc8 21. Rfd1 Rcd8 22. Rxd6 Rxd6 23. Rd1 Rxd1+ 24. Nxd1 Qb5 25. Qd2 Nc6 26. c3 Kg7 27. Bh6+ Kg8 28. Qd6 Qb6+ 29. Ne3 Qd8 30. Qxd8+ Nxd8 31. Bg5 Kg7 32. Bxf6+ Kxf6 33. Kf2 h5 34. h4 g5 35. hxg5+ Kxg5 36. g3 Ne6 37. b4 Nc7 38. a4 f6 39. c4 Na6 40. Nd5 f5 41. exf5 Kxf5 42. a5 Ke6 43. Ke3 Kf5 44. g4+ hxg4 45. fxg4+ Kxg4 46. Ke4 Kg3 47. Kxe5 Kf3 48. Kd6 Ke4 49. b5 Nb8 50. Nb6 Kd4 51. c5 Kc3 52. Nd7 Kb4 53. Nxb8 Kxb5 54. a6 bxa6 55. Nxa6 Kxa6 56. c6 Ka7 57. Kd7 Kb6 58. c7 Kb5 59. c8Q Kb4 60. Qc2 Kb5 61. Qc3 Kb6 62. Qc4 Ka7 63. Qb4 1-0

[Event "Stuttgart-chB op"]
[Site "Ditzingen"]
[Date "2015.05.14"]
[Round "2"]
[White "Juettner, Mark"]
[Black "Weisensel, Wolfgang"]
[Result "1/2-1/2"]
[WhiteElo "1472"]
[BlackElo "1685"]
[PlyCount "61"]
[EventDate "2015.05.17"]
[EventType "swiss"]
[EventRounds "7"]
[EventCountry "GER"]
[SourceTitle "EXT 2018"]
[Source "ChessBase"]
[SourceDate "2017.10.13"]
[SourceVersion "1"]
[SourceVersionDate "2017.10.13"]
[SourceQuality "1"]

1. f4 Nf6 2. Nf3 c5 3. e3 d6 4. b3 Nbd7 5. Bb5 a6 6. Bxd7+ Bxd7 7. Bb2 e6 8. 0-0 Be7 9. d3 0-0 10. Qe1 Bc6 11. Nbd2 Nd7 12. Qg3 Bf6 13. Bxf6 Qxf6 14. Nc4 Bxf3 15. Qxf3 d5 16. Ne5 Nxe5 17. fxe5 Qxe5 18. Rac1 b5 19. c4 bxc4 20. dxc4 Rac8 21. Rcd1 dxc4 22. bxc4 Qc7 23. Rb1 Rb8 24. Rbd1 Rfd8 25. Rxd8+ Rxd8 26. Rf2 Qd7 27. Rf1 Qa7 28. Rb1 Rb8 29. Rd1 Qc7 30. Rf1 h6 31. h3 1/2-1/2

[Event "Stuttgart-chC int"]
[Site "Ditzingen"]
[Date "2014.05.29"]
[Round "3"]
[White "Ustaosman, Hasan"]
[Black "Juettner, Mark"]
[Result "1-0"]
[WhiteElo "1007"]
[BlackElo "1267"]
[PlyCount "81"]
[EventDate "2014.05.29"]
[EventType "swiss"]
[EventRounds "7"]
[EventCountry "GER"]
[SourceTitle "EXT 2015"]
[Source "ChessBase"]
[SourceDate "2014.11.20"]
[SourceVersion "1"]
[SourceVersionDate "2014.11.20"]
[SourceQuality "1"]

1. e4 e5 2. Nc3 Nf6 3. f4 d6 4. Nf3 Nc6 5. Bc4 Bg4 6. 0-0 Nd4 7. d3 Bxf3 8. gxf3 g5 9. fxe5 dxe5 10. Rf2 g4 11. Bg5 gxf3 12. Nd5 Be7 13. c3 Ne6 14. Bxf6 Rg8+ 15. Kf1 Bxf6 16. Qxf3 Nf4 17. Nxf4 exf4 18. Qxf4 Rg6 19. e5 Qd7 20. exf6 Qh3+ 21. Ke2 0-0-0 22. Qf5+ Qxf5 23. Rxf5 Re8+ 24. Kf3 Rh6 25. Bxf7 Rf8 26. Be6+ Kd8 27. Rd5+ Ke8 28. Bd7+ Kf7 29. Rf5 Rd8 30. Bb5 Rxh2 31. Bc4+ Kg6 32. Rf4 Re8 33. Rg1+ Kh6 34. f7 Rf8 35. Rg8 Rh3+ 36. Kg4 Rh5 37. Rxf8 Rg5+ 38. Kf3 b5 39. Rg8 Rf5 40. Rxf5 b4 41. f8Q# 1-0